000 00620nam a2200205 i 4500
001 19706
003 ES-MaACL
005 20230906152142.0
007 t|
008 021008s1983 sp |||| | spa d
100 1 _aAbós Santabárbara, Ángel,
_9165056
245 1 0 _aDiccionario de términos básicos para la historia /
_cA.L. Abos Santabárbara, A. Marco Martínez.
250 _a1ª ed.
260 _aMadrid :
_bAlhambra,
_c1983.
300 _aV, 626 p. ;
_c20 cm.
650 4 _aHistoria-
_vDiccionarios.
_9169408
700 1 _aMarco Martínez, A.
_976482
852 _aES-MaACL
_jL-4173
999 _c19706
_d19706